[Event "zt 3.3 w"]
[Site "Beijing CHN"]
[Date "2005.10.21"]
[Round "2"]
[White "Xu Yuanyuan"]
[Black "Hou Yifan"]
[Result "0-1"]
[WhiteElo "2420"]
[BlackElo "2220"]

1.d4 Nf6 2.c4 e6 3.Nc3 Bb4 4.Qc2 O-O 5.e4 d5 6.e5 Ne4 7.a3 Bxc3+ 8.bxc3 c5
9.Bd3 cxd4 10.cxd4 Qa5+ 11.Kf1 f5 12.Ne2 Bd7 13.g3 Na6 14.Kg2 Nb4 15.axb4 Qxa1
16.cxd5 Rac8 17.Qb3 Ba4 18.Qa3 Qxa3 19.Bxa3 Bc2 20.Bb5 Nc3 21.Bd7 Nxe2 22.Bxe6+ Kh8
23.Bxc8 Rxc8 24.Bb2 Be4+ 25.f3 Bxd5 26.Kf2 Rc2 27.Ba1 f4 28.gxf4 Nxf4+ 29.Kg3 g5
30.Kg4 Rg2+ 31.Kf5 Kg7 32.e6 Bxe6+ 33.Ke5 Bd5 34.h4 h6 35.Kf5 Ng6 36.Rc1 Kf7
37.Re1 Nxh4+  0-1

[Event "zt 3.3 w"]
[Site "Beijing CHN"]
[Date "2005.10.22"]
[Round "3"]
[White "Hou Yifan"]
[Black "Qin Kanying"]
[Result "0-1"]
[WhiteElo "2220"]
[BlackElo "2472"]

1.e4 e5 2.Nf3 Nc6 3.Bb5 a6 4.Ba4 Nf6 5.O-O Be7 6.Re1 b5 7.Bb3 d6 8.a4 Bg4
9.c3 O-O 10.h3 Bxf3 11.Qxf3 Na5 12.Bc2 b4 13.d4 c5 14.dxe5 dxe5 15.Nd2 Nd7
16.Nf1 Nb6 17.Ne3 Re8 18.Nf5 Bf8 19.Be3 Re6 20.Red1 Qc7 21.b3 Rd8 22.Rxd8 Qxd8
23.Rd1 Qc7 24.Qe2 Nc8 25.Rd5 bxc3 26.Qe1 Nc6 27.Bxc5 Nb4 28.Bxb4 Bxb4 29.Qd1 Nd6
30.Ne3 g6 31.Rd3 a5 32.Nd5 Qc5 33.Qg4 Kg7 34.Qh4 Ne8 35.Ne3 Rd6 36.Nd5 Nf6
37.Nxb4 axb4 38.Rxd6 Qxd6 39.Qg5 Nd7 40.Qe3 Nc5 41.Kf1 Kf8 42.Qe2 Ke7 43.Qb5 Qa6
44.Qxa6 Nxa6 45.Ke2 Nc5 46.Ke3 Kd6 47.g3 f6 48.Ke2 Ne6 49.Kd3 Kc5 50.Bd1 Nd4
51.f4 h6 52.h4 Ne6 53.Ke3 Nd4 54.Kd3 Ne6 55.Ke3 g5 56.hxg5 hxg5 57.f5 Nd4
58.Kd3 g4 59.Bxg4 Nxb3 60.Bd1 Nd4 61.g4 Kc6 62.Bc2 b3 63.Bxb3 Nxb3 64.Kxc3 Nc5
65.Kb4 Nxe4 66.a5 Nd6 67.a6 Kb6 68.a7 Kxa7 69.Kc5 Ne4+ 70.Kd5 Ng5  0-1

[Event "zt 3.3 w"]
[Site "Beijing CHN"]
[Date "2005.10.22"]
[Round "4"]
[White "Ruan Lufei"]
[Black "Hou Yifan"]
[Result "0-1"]
[WhiteElo "2345"]
[BlackElo "2220"]

1.e4 c5 2.Nf3 d6 3.d4 cxd4 4.Nxd4 Nf6 5.Nc3 a6 6.Be2 e6 7.O-O Be7 8.f4 Qc7
9.a4 O-O 10.Kh1 Nc6 11.Be3 Re8 12.Bd3 Nb4 13.a5 Bd7 14.Qe1 Rac8 15.Qg3 Nh5
16.Qf3 Nf6 17.Qg3 Nh5 18.Qf3 Nf6 19.Bg1 Bc6 20.Qe2 Nxd3 21.cxd3 Nd7 22.Nb3 Bf8
23.d4 Nf6 24.Rac1 Qd8 25.Qf3 b5 26.axb6 Qxb6 27.d5 Qxb3 28.dxc6 Rxc6 29.e5 Nd5
30.f5 Nb4 31.fxe6 Qxe6 32.Rce1 dxe5 33.Rxe5 Qd7 34.Rf5 f6 35.Qg3 Kh8 36.Qh4 Qf7
37.Ne4 Rc4 38.Ng5 Rxh4  0-1

[Event "zt 3.3 w"]
[Site "Beijing CHN"]
[Date "2005.10.23"]
[Round "5"]
[White "Hou Yifan"]
[Black "Wang Yu"]
[Result "1-0"]
[WhiteElo "2220"]
[BlackElo "2109"]

1.e4 e5 2.Nf3 Nc6 3.Bb5 a6 4.Ba4 Nf6 5.O-O Be7 6.Re1 b5 7.Bb3 d6 8.a4 b4
9.a5 O-O 10.d3 Be6 11.Nbd2 Qc8 12.Bc4 h6 13.Nf1 Re8 14.Ne3 Bf8 15.b3 Nd8
16.Bd2 Rb8 17.Nh4 c6 18.Bxe6 Qxe6 19.Nc4 Nd7 20.Qf3 g6 21.Qg3 Bg7 22.f4 exf4
23.Bxf4 Ne5 24.Nxe5 dxe5 25.Be3 Rb5 26.Nf3 c5 27.Qf2 Qe7 28.Nd2 Nc6 29.Nc4 Kh7
30.Rf1 Rf8 31.Qd2 h5 32.Rf3 Kg8 33.Nb6 Rxa5 34.Rxa5 Nxa5 35.Nd5 Qd6 36.Qf2 Nb7
37.Nf6+ Kh8 38.g4 Ra8 39.gxh5 Qe6 40.Qh4 g5 41.Qxg5 a5 42.Kh1 Ra6 43.Ng4 Kh7
44.Rg3 a4 45.h6  1-0

[Event "zt 3.3 w"]
[Site "Beijing CHN"]
[Date "2005.10.23"]
[Round "6"]
[White "Zhao Xue"]
[Black "Hou Yifan"]
[Result "0-1"]
[WhiteElo "2478"]
[BlackElo "2220"]

1.d4 Nf6 2.c4 e6 3.Nf3 c5 4.d5 exd5 5.cxd5 d6 6.Nc3 g6 7.h3 Bg7 8.e4 O-O
9.Bd3 Nbd7 10.O-O Nh5 11.Bg5 Bf6 12.Be3 Re8 13.Re1 a6 14.a4 b6 15.Qd2 Ra7
16.Rac1 Ne5 17.Be2 Nxf3+ 18.Bxf3 Ng7 19.Nb1 Bd7 20.b3 Rb7 21.Na3 b5 22.axb5 axb5
23.b4 c4 24.Nc2 Qc8 25.Nd4 Be5 26.Ra1 Rc7 27.Ra3 c3 28.Qd3 f5 29.Rc1 f4 30.Raxc3 Rxc3
31.Rxc3 Qd8 32.Bc1 Qf6 33.Rc7 Bxd4 34.Rxd7 Rc8 35.Bd2 Rc4 36.Bd1 h5 37.Rb7 Qh4
38.Qf3 Be5 39.Bb3 Rc8 40.Rxb5 g5 41.Bd1 Bd4 42.Be1 Qg3 43.Kf1 Qh2 44.Ke2 Qg1
45.Ra5 Nf5 46.exf5 Re8+ 47.Kd3 Qxe1 48.Ra3 Bxf2 49.Kc2 Qxb4 50.Qc3 Qe4+ 51.Qd3 Qxg2  0-1

[Event "zt 3.3 w"]
[Site "Beijing CHN"]
[Date "2005.10.24"]
[Round "7"]
[White "Hou Yifan"]
[Black "Huang Qian"]
[Result "1-0"]
[WhiteElo "2220"]
[BlackElo "2398"]

1.e4 e6 2.d4 d5 3.Nc3 Nf6 4.e5 Nfd7 5.f4 c5 6.Nf3 Nc6 7.Be3 a6 8.Qd2 b5 9.g3 cxd4
10.Nxd4 Nxd4 11.Bxd4 Bc5 12.Bg2 Bb7 13.O-O-O O-O 14.Rhf1 Bxd4 15.Qxd4 Qb6
16.Ne2 Rfe8 17.Qxb6 Nxb6 18.Nd4 Bc8 19.h4 Bd7 20.h5 f6 21.h6 fxe5 22.fxe5 Nc4
23.Rde1 Ra7 24.hxg7 Bc8 25.b3 Na5 26.Bh3 Rxg7 27.Rf6 Rxg3 28.Bxe6+ Bxe6 29.Nxe6 Rg6
30.Rxg6+ hxg6 31.Nc7 Re7 32.Nxd5 Re6 33.Nc7 Re7 34.e6 Kg7 35.Nxa6 Nb7 36.Re5 Nd6
37.Rd5 Rxe6 38.Nc7 Re1+ 39.Kd2 Re7 40.Nxb5 Ne4+ 41.Kd3 g5 42.Nd6 Nf2+ 43.Kd4 Kg6
44.Re5 Rd7 45.Re6+ Kh5 46.Ke3 Ng4+ 47.Kf3 Nh6 48.Ne4 Rf7+ 49.Rf6  1-0

[Event "37th Olympiad w"]
[Site "Turin ITA"]
[Date "2006.05.23"]
[Round "3"]
[White "Milliet,S"]
[Black "Hou Yifan"]
[Result "0-1"]
[WhiteElo "2330"]
[BlackElo "2298"]

1.e4 e6 2.d4 d5 3.Nc3 Bb4 4.exd5 exd5 5.Bd3 Nc6 6.Ne2 Nge7 7.O-O O-O 8.Bf4 Bf5
9.Bxf5 Nxf5 10.Qd3 Bxc3 11.Qxc3 Qf6 12.Rad1 Rfe8 13.Ng3 Ncxd4 14.Qxc7 b6
15.c3 Re7 16.Be5 Nxg3 17.fxg3 Ne2+ 18.Kh1 Qxe5 19.Qc6 Rd8 20.Rfe1 Qh5 21.h3 Nxg3+
22.Kh2 Ne4 23.c4 Qe5+ 24.Kg1 d4  0-1

[Event "ch-CHN w"]
[Site "Wuxi CHN"]
[Date "2006.06.25"]
[Round "1"]
[White "Wang Pin"]
[Black "Hou Yifan"]
[Result "1-0"]
[WhiteElo "2393"]
[BlackElo "2298"]

1.e4 c5 2.Nf3 d6 3.d4 cxd4 4.Nxd4 Nf6 5.Nc3 Nc6 6.Bg5 e6 7.Qd2 a6 8.O-O-O Nxd4
9.Qxd4 Be7 10.f4 b5 11.Bxf6 gxf6 12.Be2 O-O 13.Bf3 Rb8 14.Kb1 b4 15.Ne2 a5
16.g4 a4 17.g5 fxg5 18.h4 Qb6 19.hxg5 b3 20.cxb3 axb3 21.a3 Ba6 22.e5 d5
23.f5 Qxd4 24.Nxd4 Bc5 25.f6 Rb6 26.g6 Bxd4 27.Rxh7 Rc8 28.Rg7+ Kf8 29.Rxf7+ Kg8
30.Rg7+ Kf8 31.Rh7 Kg8 32.f7+ Kf8 33.Rh8+ Kg7 34.Rxc8 Bxc8 35.Rxd4 Ba6 36.Kc1 Rb8
37.Kd2 Kxg6 38.Rf4 Kg7 39.Bg4 Rc8 40.Bxe6 Rc2+ 41.Ke3 Re2+ 42.Kd4 Kf8 43.Rg4 Ke7
44.Rg8 Re4+ 45.Kc5 Rc4+ 46.Kb6  1-0

[Event "ch-CHN w"]
[Site "Wuxi CHN"]
[Date "2006.06.26"]
[Round "2"]
[White "Hou Yifan"]
[Black "Ju Wenjun"]
[Result "1-0"]
[WhiteElo "2298"]
[BlackElo "2330"]

1.e4 c5 2.Nf3 d6 3.d4 cxd4 4.Nxd4 Nf6 5.Nc3 a6 6.Be2 e5 7.Nb3 Be6 8.f4 Be7
9.f5 Bd7 10.Bg5 Bc6 11.Bxf6 Bxf6 12.Bc4 O-O 13.Bd5 a5 14.Nd2 Qc7 15.Nc4 Rd8
16.Qe2 Na6 17.h4 Nb4 18.Ne3 Qb6 19.O-O-O Rac8 20.a3 Nxd5 21.Ncxd5 Bxd5 22.Nxd5 Qc5
23.g4 Rd7 24.Rh3 Rc6 25.Kb1 Bd8 26.g5 Qa7 27.g6 h6 28.f6 fxg6 29.Qg4 Rf7
30.Qe6 gxf6 31.Rg3 Kg7 32.Ne3 g5 33.hxg5 fxg5 34.Rh1 d5 35.Qxe5+ Bf6 36.Qe8 Bxb2
37.Rxg5+ Rg6 38.Nf5+ Kf6 39.Qd8+ Ke5 40.Qxd5+  1-0

[Event "ch-CHN w"]
[Site "Wuxi CHN"]
[Date "2006.06.27"]
[Round "3"]
[White "Li Ruofan"]
[Black "Hou Yifan"]
[Result "1/2-1/2"]
[WhiteElo "2391"]
[BlackElo "2298"]

1.Nf3 c5 2.c4 Nc6 3.d4 cxd4 4.Nxd4 Nf6 5.Nc3 e6 6.g3 Bc5 7.Nb3 Be7 8.Bg2 O-O
9.O-O b6 10.Bf4 Ba6 11.Nb5 d5 12.Nc7 Bxc4 13.Nxa8 Qxa8 14.Re1 e5 15.Bg5 Rd8
16.Nd2 Ba6 17.Nf1 Nd4 18.a3 Ne6 19.Bd2 e4 20.Bb4 Bxb4 21.axb4 Bb5 22.Nd2 Qb8
23.e3 Nd7 24.f4 a5 25.Bf1 Bxf1 26.Rxf1 axb4 27.Qa4 Ndc5 28.Qxb4 h6 29.Nb3 Nxb3
30.Qxb3 d4 31.Qc4 b5 32.Qc6 dxe3 33.Qxe4 Nd4 34.Qxe3 Nc2 35.Qa7 Nxa1 36.Qxb8 Rxb8
37.Rxa1 Rc8 38.Rf1 f5 39.Kg2 Kf7  1/2-1/2

[Event "ch-CHN w"]
[Site "Wuxi CHN"]
[Date "2006.06.28"]
[Round "4"]
[White "Huang Qian"]
[Black "Hou Yifan"]
[Result "1/2-1/2"]
[WhiteElo "2391"]
[BlackElo "2298"]

1.d4 e6 2.c4 Nf6 3.Nc3 Bb4 4.Qc2 O-O 5.a3 Bxc3+ 6.Qxc3 b5 7.cxb5 c6 8.f3 cxb5
9.e4 Qb6 10.Be3 d5 11.e5 Nfd7 12.Nh3 Nc6 13.Qd3 f6 14.exf6 Nxf6 15.Qxb5 e5
16.Qxb6 axb6 17.dxe5 Nxe5 18.Nf2 Re8 19.Kd2 Bf5 20.Rc1 Nc4+ 21.Bxc4 dxc4
22.Rxc4 Rad8+ 23.Rd4 Rxd4+ 24.Bxd4 Rd8 25.Kc3 Rc8+ 26.Kd2 Rd8  1/2-1/2

[Event "ch-CHN w"]
[Site "Wuxi CHN"]
[Date "2006.06.29"]
[Round "5"]
[White "Hou Yifan"]
[Black "Ruan Lufei"]
[Result "1-0"]
[WhiteElo "2298"]
[BlackElo "2370"]

1.e4 e5 2.Nf3 Nc6 3.Bb5 Nf6 4.O-O Nxe4 5.d4 Nd6 6.Bxc6 dxc6 7.dxe5 Nf5 8.Qxd8+ Kxd8
9.Nc3 Bd7 10.h3 Kc8 11.b3 b6 12.Bb2 a5 13.g4 Ne7 14.Ng5 Be8 15.f4 h5 16.Kg2 Kb7
17.Rad1 a4 18.Kg3 axb3 19.axb3 Ng6 20.Ra1 Rxa1 21.Bxa1 Be7 22.Nce4 Nf8 23.f5 Nh7
24.Nxh7 Rxh7 25.g5 h4+ 26.Kh2 c5 27.f6 gxf6 28.gxf6 Bf8 29.Rg1 Bh6 30.Rg4 Be3
31.Rg7 Rh8 32.e6 Rf8 33.Be5 Kc8 34.Kg2 fxe6 35.Rxc7+ Kd8 36.Rb7 c4 37.bxc4 Bc5
38.Rb8+ Kd7 39.Ng5 Bd6 40.Bxd6 Kxd6 41.Kh2 Kc7 42.Rxe8 Rxe8 43.f7  1-0

[Event "ch-CHN w"]
[Site "Wuxi CHN"]
[Date "2006.06.30"]
[Round "6"]
[White "Zhao Xue"]
[Black "Hou Yifan"]
[Result "1-0"]
[WhiteElo "2423"]
[BlackElo "2298"]

1.d4 Nf6 2.c4 e6 3.Nf3 c5 4.d5 exd5 5.cxd5 d6 6.Nc3 g6 7.h3 a6 8.a4 Qe7 9.Bf4 Nbd7
10.Nd2 Ne5 11.Bxe5 Qxe5 12.Nc4 Qe7 13.g3 Rb8 14.Bg2 Bg7 15.O-O O-O 16.Qb3 Bd7
17.Qb6 Ne8 18.Ra3 f5 19.e3 Qd8 20.Rb1 g5 21.Ne2 f4 22.exf4 gxf4 23.Nxf4 Qxb6
24.Nxb6 Bf5 25.Re1 Bxb2 26.Rb3 Bd4 27.Be4 Bxe4 28.Rxe4 Nf6 29.Re2 Rf7 30.Ne6 Nh5
31.Nxd4 cxd4 32.Rd3 Rbf8 33.Rxd4 Rc7 34.Rc4 Rcf7 35.Rc8 Nf6 36.Rcc2 h5 37.Re6 Ne8
38.Rce2 Ng7 39.Rxd6 Nf5 40.Rd7 Rf6 41.Re6 Nxg3 42.Rxf6 Ne2+ 43.Kf1 Rxf6 44.Kxe2 Rxb6
45.Ke3 Rb3+ 46.Ke4 Rxh3 47.d6 Rh1 48.Rxb7 Rd1 49.Ke5 Kf8 50.Rh7 Re1+ 51.Kd5 Rd1+
52.Kc6 Rc1+ 53.Kb6 Rd1 54.d7 h4 55.Kc7 Rc1+ 56.Kd6 Rd1+ 57.Ke6  1-0

[Event "ch-CHN w"]
[Site "Wuxi CHN"]
[Date "2006.07.02"]
[Round "7"]
[White "Hou Yifan"]
[Black "Wang Yu A"]
[Result "1/2-1/2"]
[WhiteElo "2298"]
[BlackElo "2390"]

1.e4 c5 2.Nf3 e6 3.d4 cxd4 4.Nxd4 Nf6 5.Nc3 Nc6 6.a3 Bc5 7.Nxc6 dxc6 8.Qxd8+ Kxd8
9.Bf4 e5 10.O-O-O+ Ke7 11.Bxe5 Ng4 12.Bxg7 Rg8 13.Bd4 Bxd4 14.Rxd4 Nxf2 15.Rg1 Nh3
16.Rh1 Nf2 17.Rg1  1/2-1/2

[Event "ch-CHN w"]
[Site "Wuxi CHN"]
[Date "2006.07.03"]
[Round "8"]
[White "Gong Qianyun"]
[Black "Hou Yifan"]
[Result "0-1"]
[WhiteElo "2355"]
[BlackElo "2298"]

1.e4 c5 2.Nc3 Nc6 3.f4 g6 4.Nf3 Bg7 5.Bb5 Nd4 6.O-O a6 7.Bd3 d6 8.Nxd4 cxd4
9.Ne2 Nf6 10.Kh1 Nd7 11.Bc4 d5 12.exd5 Nb6 13.d3 Nxd5 14.a4 h5 15.Qe1 h4
16.h3 Bf5 17.Bd2 e6 18.Qf2 Nb6 19.Bb3 a5 20.Ng1 Bf6 21.Nf3 Qd6 22.Rfe1 Kf8
23.Ne5 Nd7 24.Nf3 Kg7 25.Bc4 b6 26.Re2 Rac8 27.b3 Nc5 28.Ne5 Rhd8 29.Rae1 Rc7
30.Qf3 Qf8 31.Bb5 Nb7 32.Bc1 Qc5 33.Nc4 Qd5 34.Qf2 Nd6 35.Nxd6 Rxd6 36.Ba3 Rd8
37.Kh2 Rcc8 38.Ba6 Ra8 39.Bc4 Qb7 40.Bb5 Rac8 41.Rd1 Qc7 42.Rde1 g5 43.Bc1 g4
44.Qf1 Kh7 45.hxg4 Bxg4 46.Rf2 Rg8 47.Bc4 Rg6 48.Kh1 Bf5 49.Qe2 Rcg8 50.Bd2 h3
51.gxh3 Bh4  0-1

[Event "ch-CHN w"]
[Site "Wuxi CHN"]
[Date "2006.07.05"]
[Round "10"]
[White "Kuang Yinghui"]
[Black "Hou Yifan"]
[Result "0-1"]
[WhiteElo "2303"]
[BlackElo "2298"]

1.e4 c5 2.Nf3 d6 3.Nc3 Nc6 4.Bb5 e5 5.d3 h6 6.h3 Nf6 7.Nd5 Nxd5 8.exd5 Qa5+
9.c3 Qxb5 10.dxc6 Qxc6 11.O-O Be6 12.c4 Be7 13.Bd2 O-O 14.b4 Bf6 15.b5 Qc7
16.Rb1 Rad8 17.Qe2 Rfe8 18.Nh2 Be7 19.Bc3 Bf5 20.Ng4 Bg5 21.Ne3 Bg6 22.Nd5 Qc8
23.Rfd1 e4 24.Qb2 f6 25.dxe4 Bxe4 26.Ra1 Qf5 27.a4 Kh8 28.Qa2 Qg6 29.f4 Bh4
30.Qd2 Bc2 31.Rdc1 Bd3 32.Ne3 Qe4 33.Ng4 Bxc4 34.Kh2 h5 35.Nf2 Qg6 36.Re1 d5  0-1

[Event "ch-CHN w"]
[Site "Wuxi CHN"]
[Date "2006.07.06"]
[Round "11"]
[White "Hou Yifan"]
[Black "Gu Xiaobing"]
[Result "1-0"]
[WhiteElo "2298"]
[BlackElo "2371"]

1.e4 c5 2.Nf3 d6 3.d4 cxd4 4.Nxd4 Nf6 5.Nc3 a6 6.f4 e5 7.Nf3 Nbd7 8.a4 Be7
9.Bd3 O-O 10.O-O Nc5 11.Kh1 d5 12.Nxe5 dxe4 13.Be2 Ne6 14.Be3 Bc5 15.Bxc5 Nxc5
16.Qe1 b6 17.b4 Ne6 18.Rd1 Qc7 19.Ng4 Nxg4 20.Nd5 Qxc2 21.Bxg4 Bb7 22.Ne3 Qb3
23.f5 Nc7 24.f6 g6 25.Rd7 Nd5 26.Nxd5 Bxd5 27.Qd2 Qd3 28.Qxd3 exd3 29.Rxd5 Rfd8
30.Bd7 Ra7 31.Re1 h5 32.Re7 Rc7 33.h3 Rc4 34.Rxd3 Rxb4 35.Rf3 Rf8 36.Be8 Rd4
37.Rc3 Rd6 38.Bxf7+ Kh7 39.Rg3  1-0

[Event "CHN-RUS Chess Summit w"]
[Site "Ergun CHN"]
[Date "2006.08.17"]
[Round "7"]
[White "Kovalevskaya,E"]
[Black "Hou Yifan"]
[Result "0-1"]
[WhiteElo "2463"]
[BlackElo "2488"]

1.e4 e6 2.d4 d5 3.Nc3 Nf6 4.e5 Nfd7 5.f4 c5 6.Nf3 Nc6 7.Be3 cxd4 8.Nxd4 Bc5
9.Qd2 O-O 10.O-O-O a6 11.h4 Nxd4 12.Bxd4 b5 13.Ne2 a5 14.f5 Bxd4 15.Nxd4 Nxe5
16.Bxb5 exf5 17.Nc6 Qb6 18.Nxe5 Qxb5 19.Qxd5 Qa6 20.Qd6 Qb7 21.Nd7 Bxd7 22.Qxd7 Qe4
23.Rhe1 Qf4+ 24.Kb1 Rab8 25.Qd4 Rb4 26.Qxf4 Rxf4 27.Rc1 Rxh4 28.c4 Rh6 29.Re5 Ra8
30.Rxf5 Kf8 31.b3 Rb6 32.Kb2 g6 33.Rd5 h5 34.c5 Rc6 35.a3 Rb8 36.Kc3 Re6
37.Rcd1 Re2 38.R1d2 Re1 39.Rd1 Re2 40.c6 Re6 41.Rc5 Rc8 42.c7 Ke7 43.Kc4 Rd6
44.Rc1 Rb6 45.b4 axb4 46.axb4 Kd7 47.b5 Rxc7 48.Rd1+ Rd6 49.Re1 Re6 50.Rd1+ Kc8
51.Rd5 Re2 52.Kb4 Kb7 53.Rxc7+ Kxc7 54.g3 Re3 55.Rc5+ Kb7 56.Rd5 Rxg3 57.Rd7+ Kb6
58.Rd6+ Kc7 59.Rf6 Rg1 60.Rxf7+ Kd6 61.Rf2 h4 62.Rd2+ Ke5 63.b6 Rb1+ 64.Kc5 g5
65.Rd5+ Kf6 66.Rd6+ Kf5 67.Rd5+ Kg6 68.Kc6 h3 69.Rd6+ Kf5 70.Rd5+ Kg4 71.Rd4+ Kf3
72.Rd3+ Kg2 73.Rd2+ Kg3 74.Rd3+ Kh4 75.Rd2 g4 76.b7 g3 77.Rd4+ Kg5 78.Rd5+ Kg4
79.Rb5 Rc1+ 80.Kb6 g2 81.Rb4+ Kf5 82.Rb5+ Ke6 83.b8=Q g1=Q+ 84.Ka6 Ra1+ 85.Kb7 Qg2+
86.Kb6 Qf2+ 87.Kb7 Qf3+ 88.Kb6 Qe3+ 89.Kb7 Qe4+ 90.Kb6 Qd4+ 91.Kb7 Qd7+ 92.Kb6 Qxb5+  0-1

[Event "1st WCh-Team Women"]
[Site "Ekaterinburg RUS"]
[Date "2007.05.20"]
[Round "1"]
[White "Le Thanh Tu"]
[Black "Hou Yifan"]
[Result "0-1"]
[WhiteElo "2306"]
[BlackElo "2513"]

1.d4 e6 2.c4 Nf6 3.g3 c5 4.d5 exd5 5.cxd5 b5 6.Bg2 d6 7.Nd2 Nbd7 8.a4 b4
9.Nh3 g6 10.O-O Ba6 11.b3 Bg7 12.Bb2 O-O 13.Rc1 Re8 14.Re1 Rb8 15.Ba1 Rb7
16.Nf4 Ne5 17.h4 Rbe7 18.e3 h6 19.Nc4 Nfg4 20.Nxe5 Nxe5 21.Bf1 Bxf1 22.Rxf1 Qd7
23.Bxe5 Rxe5 24.Qf3 Qf5 25.g4 Qe4 26.Qg3 g5 27.hxg5 hxg5 28.Rc4 Qh7 29.Nh5 Rxd5
30.Qf3 Qd3 31.Kg2 Rde5 32.Nf6+ Bxf6 33.Qxf6 Qd5+ 34.Kg3 R8e6 35.Qd8+ Kg7
36.Rcc1 Qc6  0-1

[Event "1st WCh-Team Women"]
[Site "Ekaterinburg RUS"]
[Date "2007.05.21"]
[Round "2"]
[White "Kosintseva,N"]
[Black "Hou Yifan"]
[Result "0-1"]
[WhiteElo "2475"]
[BlackElo "2513"]

1.c4 c5 2.Nf3 Nc6 3.Nc3 Nd4 4.e3 Nxf3+ 5.Qxf3 g6 6.Be2 Bg7 7.O-O d6 8.Rd1 Nh6
9.d4 cxd4 10.exd4 Nf5 11.Qe4 O-O 12.Bf1 Bd7 13.Be3 Rb8 14.Rac1 Re8 15.d5 Nxe3
16.Qxe3 a6 17.b4 a5 18.a3 axb4 19.axb4 Ra8 20.Ne4 Ra4 21.Qb3 Qb6 22.b5 Qa5
23.Qe3 Ra3 24.Rd3 Ra2 25.Nc3 Ra1 26.Rxa1 Qxa1 27.Ne2 Qa4 28.Qf4 Be5 29.Qh4 Bf6
30.Nc3 Qc2 31.Qg3 Bf5 32.Re3 Bd4 33.Ne2 Bxe3 34.Qxe3 Qxc4 35.Nc3 Qc5 36.Qxc5 dxc5
37.f3 Ra8 38.g4 Ra3 39.gxf5 Rxc3 40.fxg6 hxg6 41.Kf2 Kg7  0-1

[Event "1st WCh-Team Women"]
[Site "Ekaterinburg RUS"]
[Date "2007.05.22"]
[Round "3"]
[White "Hou Yifan"]
[Black "Rajlich,I"]
[Result "1-0"]
[WhiteElo "2513"]
[BlackElo "2408"]

1.e4 e6 2.Nc3 d5 3.d4 Bb4 4.e5 c5 5.a3 Bxc3+ 6.bxc3 Nc6 7.Qg4 g6 8.Nf3 Qa5
9.Bd2 c4 10.Be2 Bd7 11.h4 h6 12.O-O O-O-O 13.a4 Rf8 14.Rfb1 f5 15.Qxg6 f4
16.Qg4 Nge7 17.Qh3 Rhg8 18.Ra2 Nf5 19.Rab2 Nd8 20.Bxf4 Be8 21.Nh2 Qxa4 22.h5 Qa3
23.Bc1 Qa5 24.Ng4 b6 25.Nf6 Nf7 26.Nxg8 Rxg8 27.Bg4 Rxg4 28.Qxg4 Qxc3 29.Be3 Nd8
30.Ra2 Nxe3 31.fxe3 Qxe3+ 32.Kh1 a5 33.Rxb6 Kc7 34.Rb1 a4 35.Qg7+ Nf7 36.Qf8 Qxd4
37.Qe7+ Bd7 38.Qxf7 Qxe5 39.Rxa4 Qf5 40.Ra7+  1-0

[Event "1st WCh-Team Women"]
[Site "Ekaterinburg RUS"]
[Date "2007.05.23"]
[Round "4"]
[White "Javakhishvili,L"]
[Black "Hou Yifan"]
[Result "1-0"]
[WhiteElo "2425"]
[BlackElo "2513"]

1.d4 Nf6 2.c4 e6 3.Nf3 b6 4.g3 Ba6 5.b3 Bb7 6.Bg2 Bb4+ 7.Bd2 a5 8.O-O O-O
9.Bf4 a4 10.bxa4 Bc6 11.Qb3 Ba5 12.Na3 d6 13.Nb5 Nbd7 14.Bc1 e5 15.e3 Re8
16.Ba3 exd4 17.exd4 Ne4 18.Qc2 Ndf6 19.Bb2 Bd7 20.d5 Qc8 21.Nfd4 Nc5 22.Rad1 Ng4
23.h3 Ne5 24.Kh2 Ng6 25.f4 f5 26.Ne6 Bxe6 27.dxe6 Nxe6 28.Qxf5 Rb8 29.Na7 Qd7
30.Nc6 Ra8 31.Qg4 Ngf8 32.f5 Nd8 33.Nxd8 Rexd8 34.Bd5+ Kh8 35.f6  1-0

[Event "1st WCh-Team Women"]
[Site "Ekaterinburg RUS"]
[Date "2007.05.26"]
[Round "6"]
[White "Mkrtchian,L"]
[Black "Hou Yifan"]
[Result "0-1"]
[WhiteElo "2424"]
[BlackElo "2513"]

1.d4 e6 2.c4 Nf6 3.Nc3 Bb4 4.e3 O-O 5.Bd3 d5 6.Ne2 dxc4 7.Bxc4 e5 8.O-O Nc6
9.a3 Bd6 10.Nb5 Be7 11.d5 Na5 12.Ba2 c6 13.Nbc3 c5 14.Qd3 a6 15.Rd1 Bd6 16.Rb1 b5
17.b4 Nb7 18.Ng3 Qe7 19.e4 cxb4 20.axb4 h6 21.Bd2 Bxb4 22.Nxb5 Bxd2 23.d6 Qd8
24.Nc7 Ra7 25.Rxd2 Nxd6 26.Nd5 Nb5 27.Bc4 Nxd5 28.Bxd5 Rd7 29.Nf5 Qf6 30.Qg3 Rfd8
31.Rbd1 Nc7 32.Ne3 Nxd5 33.Nxd5 Qe6 34.h3 Kh8 35.Rb1 Rd6 36.Rc2 Bd7 37.Rbc1 Ba4
38.Rc7 Bd7 39.Ra7 f5 40.f3 Rf8 41.Rcc7 fxe4 42.fxe4 Rf7 43.Rcb7 Kh7 44.Kh2 Rc6
45.Qd3 Rd6 46.Qg3 Qe8 47.Qb3 Rg6 48.Rb8 Qe6 49.Raa8 Rg5 50.Rh8+ Kg6 51.Qa2 Rf6
52.Qd2 Rf3 53.Rxa6 Qxa6 54.Ne7+ Kf7 55.gxf3 Kxe7 56.h4 Rg6 57.Qb2 Qe6 58.Qb4+ Qd6
59.Qc3  0-1

[Event "1st WCh-Team Women"]
[Site "Ekaterinburg RUS"]
[Date "2007.05.27"]
[Round "7"]
[White "Hou Yifan"]
[Black "Sikorova,O"]
[Result "1-0"]
[WhiteElo "2513"]
[BlackElo "2304"]

1.e4 c5 2.Nc3 g6 3.d4 cxd4 4.Qxd4 Nf6 5.Nf3 Nc6 6.Qa4 Bg7 7.e5 Ng8 8.Bf4 Nh6
9.Bd3 O-O 10.O-O Ng4 11.Rfe1 d6 12.exd6 e5 13.Bg3 Qxd6 14.Rad1 Qb8 15.Bb5 f6
16.Ne4 Nh6 17.Nd6 Qc7 18.c3 Bg4 19.Nxb7 Ne7 20.Qc4+ Qxc4 21.Bxc4+ Kh8 22.h3 Bxf3
23.gxf3 g5 24.f4 gxf4 25.Bxf4 Nhf5 26.Bc1 Rac8 27.Be6 Rc6 28.Nd8  1-0

[Event "1st WCh-Team Women"]
[Site "Ekaterinburg RUS"]
[Date "2007.05.29"]
[Round "9"]
[White "Hou Yifan"]
[Black "Kachiani,K"]
[Result "1/2-1/2"]
[WhiteElo "2513"]
[BlackElo "2375"]

1.e4 c6 2.d4 d5 3.Nc3 dxe4 4.Nxe4 Bf5 5.Ng3 Bg6 6.h4 h6 7.Nf3 Nd7 8.h5 Bh7
9.Bd3 Bxd3 10.Qxd3 Ngf6 11.Bf4 Qa5+ 12.Bd2 Qc7 13.O-O-O e6 14.Ne4 Be7 15.Kb1 Rd8
16.Nxf6+ Nxf6 17.Qe2 c5 18.dxc5 Qxc5 19.Ne5 Rd4 20.Nd3 Qb5 21.Bc3 Ra4 22.b3 O-O
23.Qe5 Qa5  1/2-1/2

[Event "2nd MAIG Team Standard"]
[Site "Macau CHN"]
[Date "2007.10.28"]
[Round "1"]
[White "Mushin,D"]
[Black "Hou Yifan"]
[Result "0-1"]
[WhiteElo "1835"]
[BlackElo "2502"]

1.d4 Nf6 2.Nf3 e6 3.Bg5 h6 4.Bf4 b6 5.Nbd2 Bb7 6.e3 d6 7.Bd3 g5 8.Bg3 g4
9.Nh4 Rg8 10.h3 Nh5 11.hxg4 Nxg3 12.fxg3 Qg5 13.Qe2 Qxg4 14.Qxg4 Rxg4 15.Kf2 Nd7
16.Raf1 O-O-O 17.Be2 Rg8 18.Bf3 Nf6 19.c4 Be7 20.Bxb7+ Kxb7 21.Nhf3 Rg7 22.Ne1 Rdg8
23.Rh3 c5 24.Nd3 Rg4 25.dxc5 bxc5 26.Nf4 Kc6 27.Ne2 R4g7 28.Kf3 Ng4 29.Nf4 Ne5+
30.Kf2 Bd8 31.b3 Ba5 32.Nf3 Ng4+ 33.Ke2 Nf6 34.Rxh6 Ne4 35.Nh5 Nxg3+ 36.Nxg3 Rxg3
37.Nh4 R3g7 38.Rf2 Bd8 39.Kf1 Bg5 40.Rh5 Bxe3 41.Rf3 Bd4 42.Rd3 Bf6 43.Rf3 Be7
44.a3 Rg4 45.g3 f5 46.Rh7 Bxh4 47.gxh4 Rg1+ 48.Ke2 Rb1 49.Kf2 Rb2+ 50.Kf1 Rgg2
51.Rxa7 Rgc2 52.Kg1 Rb1+ 53.Rf1 Rxb3 54.Rd1 Rg3+ 55.Kf1 Rf3+ 56.Kg1 Rxc4
57.Ra6+ Kb5 58.Rdxd6 Rg4+ 59.Kh2 e5 60.h5 f4 61.Rg6 Rh4+ 62.Kg2 Rfh3 63.h6 e4
64.Rgb6+ Kc4 65.Rd6 Rh2+  0-1

[Event "2nd MAIG Team Standard"]
[Site "Macau CHN"]
[Date "2007.10.28"]
[Round "2"]
[White "Hou Yifan"]
[Black "Ghader Pour,S"]
[Result "1-0"]
[WhiteElo "2502"]
[BlackElo "2173"]

1.e4 c5 2.Nf3 d6 3.d4 cxd4 4.Nxd4 Nf6 5.Nc3 a6 6.f4 e5 7.Nf3 Qc7 8.a4 Be7
9.Bd3 Nbd7 10.O-O O-O 11.Kh1 Nc5 12.Qe1 b6 13.fxe5 dxe5 14.Bg5 Be6 15.Nh4 Nh5
16.Be3 Nxd3 17.cxd3 Rad8 18.Rd1 Bc5 19.Nf3 Rd7 20.Bxc5 bxc5 21.Qe3 h6 22.Rd2 Rfd8
23.Ne2 Qd6 24.Rc1 Rc7 25.h3 Bd7 26.Rc4 Be6 27.Rc3 Bd7 28.b3 Be6 29.Rdc2 Rb8
30.Nd2 Nf4 31.Nxf4 exf4 32.Qf2 Rd8 33.b4 c4 34.dxc4 Qxb4 35.Qxf4 Rdc8 36.Rg3 Qxa4
37.Qxh6 Qa1+ 38.Kh2 Qe5 39.Qe3 Bxc4 40.Qc3 Re8 41.Qxe5 Rxe5 42.Rgc3  1-0

[Event "2nd MAIG Team Standard"]
[Site "Macau CHN"]
[Date "2007.10.29"]
[Round "3"]
[White "Dauletova,G"]
[Black "Hou Yifan"]
[Result "0-1"]
[WhiteElo "2210"]
[BlackElo "2502"]

1.e4 c5 2.Nf3 d6 3.d4 cxd4 4.Nxd4 Nf6 5.Nc3 a6 6.Bc4 e6 7.Bb3 b5 8.O-O Be7
9.Qf3 Qb6 10.Be3 Qb7 11.Rae1 O-O 12.a3 Nbd7 13.Qg3 Kh8 14.f4 Nc5 15.e5 Nfe4
16.Nxe4 Nxe4 17.Qh3 dxe5 18.fxe5 Nc5 19.Ba2 Qc7 20.Qh5 Bb7 21.Rxf7 Rxf7 22.Qxf7 Rf8
23.Qh5 Be4 24.b4 Nd7 25.Nxe6 Qxc2 26.Qg4 Rg8 27.Bb1 Qc3 28.Bd2 Qxd2 29.Qxe4 g6
30.Rf1 Rc8 31.Nd4 Rc1 32.Bd3 Nf8 33.e6 Kg8 34.Nf3 Rxf1+ 35.Bxf1 Qd6 36.Qe5 Qxe5
37.Nxe5 Nxe6 38.Nc6 Bf6 39.Kf2 Nc7 40.Kf3 Bb2 41.Ke4 Kf7 42.Kd3 Bxa3 43.Kd4 Bc1
44.Ke5 Ne6 45.g3 Be3 46.Bg2 Nc7 47.Kd6 Ne8+ 48.Ke5 Bg1 49.h3 Bh2 50.Bd5+ Kg7
51.Kf4 Nc7 52.Bb3 Kf6 53.Kf3 Bg1 54.Ke4 Bf2 55.Kf3 Be1 56.g4 Ne6 57.h4 Bxh4
58.Bxe6 Kxe6 59.Nb8 Be7 60.Nxa6 Kd5 61.Kf4 Bd6+ 62.Kg5 Kc6 63.Kh6 Kb6 64.Nc5 Bxc5
65.bxc5+ Kxc5 66.Kxh7 b4  0-1

[Event "2nd MAIG Team Standard"]
[Site "Macau CHN"]
[Date "2007.10.30"]
[Round "5"]
[White "Le Kieu Thien Kim"]
[Black "Hou Yifan"]
[Result "1/2-1/2"]
[WhiteElo "2292"]
[BlackElo "2502"]

1.c4 Nf6 2.Nf3 e6 3.Nc3 Bb4 4.g3 O-O 5.Bg2 d5 6.a3 Be7 7.d4 dxc4 8.Ne5 Nc6
9.Nxc6 bxc6 10.O-O Nd5 11.Qa4 Nb6 12.Qxc6 Rb8 13.Qe4 Bb7 14.Qe3 Bxg2 15.Kxg2 Nd5
16.Qf3 Rb3 17.Rd1 Nxc3 18.bxc3 Qd5 19.e4 Qa5 20.Qe2 Qxc3 21.Ra2 Rfb8 22.Rc2 Qd3
23.Qxd3 cxd3 24.Rxc7 Bxa3 25.Rxa7 Bxc1 26.Rxc1 h6 27.Rd1 Rc8 28.Rd2 Rc4 29.Kf3 Rxd4
30.Ke3 Rbb4 31.f3 f5 32.exf5 exf5 33.Ra3  1/2-1/2

[Event "Isbank Ataturk Women's Masters"]
[Site "Istanbul TUR"]
[Date "2008.03.16"]
[Round "6"]
[White "Harika,D"]
[Black "Hou Yifan"]
[Result "1/2-1/2"]
[WhiteElo "2455"]
[BlackElo "2527"]

1.Nf3 e6 2.c4 Nf6 3.Nc3 Bb4 4.Qc2 O-O 5.a3 Bxc3 6.Qxc3 b6 7.e3 Bb7 8.Be2 d6
9.O-O Nbd7 10.b4 Ne4 11.Qc2 f5 12.Bb2 a5 13.Ne1 Qe7 14.f3 Nef6 15.d4 axb4
16.axb4 Rxa1 17.Bxa1 b5 18.c5 Nd5 19.Qd2 Bc6 20.Nd3 Qg5 21.Nf4 Nxf4 22.exf4 Qe7
23.Re1 Nf6 24.d5 Nxd5 25.Bxb5 Bxb5 26.Qxd5 exd5 27.Rxe7  1/2-1/2